Fr. Conceicao Rodrigues College of Engineering

Learn to Master python (Record no. 19247)

MARC details
000 -LEADER
fixed length control field 00326nam a2200169Ia 4500
082 ## - DEWEY DECIMAL CLASSIFICATION NUMBER
Item number RAV
100 ## - MAIN ENTRY--PERSONAL NAME
Personal name Ravichandran/R
245 ## - TITLE STATEMENT
Title Learn to Master python
260 ## - PUBLICATION, DISTRIBUTION, ETC.
Name of publisher, distributor, etc. Staredu solutions
366 ## - TRADE AVAILABILITY INFORMATION
Publishers's discount category 20
300 ## - PHYSICAL DESCRIPTION
Extent 356
546 ## - LANGUAGE NOTE
Language note ENGLISH
650 ## - SUBJECT ADDED ENTRY--TOPICAL TERM
Topical term or geographic name entry element Python
654 ## - SUBJECT ADDED ENTRY--FACETED TOPICAL TERMS
Focus term python
942 ## - ADDED ENTRY ELEMENTS (KOHA)
Koha item type BOOK
Holdings
Withdrawn status Lost status Damaged status Not for loan Collection Home library Current library Date acquired Source of acquisition Cost, normal purchase price Inventory number Total Checkouts Full call number Barcode Date last seen Date last checked out Cost, replacement price Price effective from Koha item type
        CRC Fr. Agnel's C.Rodrigues College of Engineering Fr. Agnel's C.Rodrigues College of Engineering 17/03/2023 Allied Publisher 356.00 791 dt 04.12.2017 2 RAV 24995 18/02/2026 16/02/2026 445.00   BOOK